| 000 | 02013nam a2200361 a 4500 | ||
|---|---|---|---|
| 001 | ebr10671333 | ||
| 003 | CaPaEBR | ||
| 006 | m u | ||
| 007 | cr cn||||||||| | ||
| 008 | 101001s2011 nyu sb 001 0 eng d | ||
| 010 | _z 2010041608 | ||
| 020 | _z9781617280351 (softcover) | ||
| 020 | _z9781613241653 (e-book) | ||
| 040 |
_aCaPaEBR _cCaPaEBR |
||
| 035 | _a(OCoLC)846943410 | ||
| 043 | _au-nz--- | ||
| 050 | 1 | 4 |
_aHV9915.5 _b.T495 2011eb |
| 082 | 0 | 4 |
_a365/.93 _222 |
| 100 | 1 | _aTaylor, Antony. | |
| 245 | 1 | 4 |
_aThe prison system and its effects _h[electronic resource] / _cAntony Taylor. |
| 250 | _aRev. and enl. ed. | ||
| 260 |
_aHauppauge, N.Y. : _bNova Science Publishers, _cc2011. |
||
| 300 | _axvii, 315 p. | ||
| 490 | 1 | _aCriminal justice, law enforcement and corrections | |
| 504 | _aIncludes bibliographical references (p. [265]-300) and index. | ||
| 505 | 0 | _aThe aetiology of present-day prisons and other places of captivity : from banishment and slavery to brutality and transportation : Britsh and American creations : Russian, Nazi, Japanese, and Chinese places of control -- The mounting consensus of informed opinion about the need for change -- Prison overcrowding -- Conceptualizing the prison as a social system -- Assessing the general effects of long-term imprisonment -- Pathological reactions to imprisonment -- The management of captives -- The development of prisons in New Zealand -- Recent official inquiries into the prison system in New Zealand -- Overview and conclusions. | |
| 533 |
_aElectronic reproduction. _bPalo Alto, Calif. : _cebrary, _d2013. _nAvailable via World Wide Web. _nAccess may be limited to ebrary affiliated libraries. |
||
| 650 | 0 |
_aPrisons _zNew Zealand _xHistory. |
|
| 655 | 7 |
_aElectronic books. _2local |
|
| 710 | 2 | _aebrary, Inc. | |
| 830 | 0 | _aCriminal justice, law enforcement and corrections. | |
| 856 | 4 | 0 |
_uhttp://site.ebrary.com/lib/rucke/Doc?id=10671333 _zAn electronic book accessible through the World Wide Web; click to view |
| 999 |
_c162468 _d162468 |
||